| 000 | 00789cam a22002777a 4500 | ||
|---|---|---|---|
| 003 | CHAP | ||
| 005 | 20220329141555.0 | ||
| 008 | 971013s1959 r 00010 d | ||
| 010 | _a70361 | ||
| 011 | _a71333 | ||
| 035 | _a80887 | ||
| 040 | _cCHAP | ||
| 090 | _aFolleto 1872 | ||
| 100 | 0 | 0 |
_aCaillas, Alin. _917230 |
| 245 | 1 | 0 |
_aLe pollen _b: sa récolte, ses propriétés et ses usages |
| 260 |
_aOrléans : _bL'Auteur, _c1959 |
||
| 300 |
_a98 p. _b: ilus |
||
| 590 |
_aBATCH-UPD _b10 _c20130110 _lUCH01 _h0419 |
||
| 590 |
_aBATCH-UPD _b10 _c20130110 _lUCH01 _h2030 |
||
| 590 |
_aCONVERSION _b10 _c20130109 _lUCH01 _h1339 |
||
| 650 | 1 | 4 |
_aApicultura. _96241 |
| 650 | 1 | 4 |
_aPolen. _990208 |
| 901 | _aBK | ||
| 942 | _cFOLL | ||
| 949 |
_aFolleto 1872 _bBC _cFOLL _d33724002040751 _eTS1 _i80887 _si |
||
| 999 |
_c70361 _d70361 |
||